00430nam a2200169Ia 4500008004100000020001800041050001300059100001700072245003000089245003800119260001300157260003200170260000900202300001400211300002500225300001000250180207s9999 xx 000 0 und d a9780333437155 bY46 1968 aYeoman, John 4aThe bear's winter house / cby John Yeoman and Quentin Blake. aLondon : bMacmillan Children's Books, c1969 aunpaged : bcolor illustration ; c25cm.